Disney Characters beginning with O - Statistics

General Stats
  • This quiz has been taken 3 times
  • The average score is 2 of 14
Answer Stats
Answer % Correct
Olaf
100%
Oliver
33%
Owl
33%
Oaken (Frozen)
0%
Olivia Flaversham
0%
Ollie the Pig
0%
Onus
0%
Orddu
0%
Orgoch
0%
Orvile
0%
Orwen
0%
Oswald the Lucky Rabbit
0%
Otto
0%
The Octopus
0%
No matching quizzes found
Score Distribution
Percent of People with Each Score
Percentile by Number Answered
Your Score History
You have not taken this quiz